AChât (Sử thi của dân tộc Ta Ôi) Song ngữ Ta Ôi - Việt

Đã lưu trong:
書目詳細資料
主要作者: Kê Sửu
格式: 圖書
出版: H. Khoa học xã hội 2015
標簽: 添加標簽
沒有標簽, 成為第一個標記此記錄!
Thư viện lưu trữ: Mạng thư viện Đại học Đà Nẵng
LEADER 01075nam a2200253 4500
001 000023724
003 20177
005 20160115120122.0
008 160115s2015 sd
100 1 |a Kê Sửu 
245 1 0 |a AChât (Sử thi của dân tộc Ta Ôi)  |b Song ngữ Ta Ôi - Việt  |c Kê Sửu 
260 |a H.  |b Khoa học xã hội  |c 2015 
774 |a Kê Sửu  |d H.  |d Khoa học xã hội  |d 2015  |g Q.1  |h 550 tr.  |n ĐTTS ghi: Hội Văn nghệ dân gian Việt Nam  |t Achât  |w 20178 
774 |a Kê Sửu  |d H.  |d Khoa học xã hội  |d 2015  |g Q.2  |h 462 tr.  |n ĐTTS ghi: Hội Văn nghệ dân gian Việt Nam  |t Achât  |w 20179 
OWN |a LSP 
AVA |a UDN50  |b LNN  |d 895.922 KE-S  |e available  |t Error 5001 Not defined in file expand_doc_bib_avail.  |f 1  |g 0  |h N  |i 0 
999 |a From the UDN01 
AVA |a UDN50  |b LNN  |d 895.922 KE-S  |e available  |t Error 5001 Not defined in file expand_doc_bib_avail.  |f 1  |g 0  |h N  |i 0 
TYP |a Monograph 
TYP |a Printed language 
980 |a Mạng thư viện Đại học Đà Nẵng